| 000 | 00504nam a2200181Ia 4500 | ||
|---|---|---|---|
| 999 |
_c21456 _d21456 |
||
| 003 | OSt | ||
| 005 | 20200624104023.0 | ||
| 008 | 190216s9999||||xx |||||||||||||| ||und|| | ||
| 020 | _a9788184540895 | ||
| 040 | _coclc | ||
| 082 |
_a954 _bGRO/L |
||
| 100 |
_aGrover, B R _93159 |
||
| 245 | 0 |
_aLand And Taxation System During The Mughal Age / _cB R Grover |
|
| 260 |
_bOriginals, _c2009. _aDelhi: |
||
| 300 | _a250p | ||
| 650 | _aHistory | ||
| 942 |
_cBK _2ddc _h954 _iGRO/L _k954 _mGRO/L |
||